000 00881pam a2200277 a 4500
001 94
003 BD-RjUL
005 20211208233119.0
008 131115r20062000nyuad g b 001 0 eng d
020 _a0070316228 :
035 _a(BD-RjUL)103
040 _aDLC
_cDLC
_dBD-RjUL
_beng
041 _aeng
082 0 4 _a004.35
_222
_bHWA 2006
100 1 _aHwang, Kai.
_9315
245 1 0 _aAdvanced computer architecture :
_bparallelism, scalability, programmability /
_cKai Hwang.
250 _aTata McGRAW-HILL.
260 _aNew York :
_bMcGraw-Hill,
_cc2000 [Reprinted 2005].
300 _axxiv, 770 p. :
_bill. ;
_c24 cm.
490 _aMcGraw-Hill series in computer engineering.
504 _aIncludes bibliographical references (p. 717-738) and index.
526 _bComputer Science
650 0 _aComputer architecture.
_9318
942 _2ddc
_cBK
999 _c94
_d94